000
00341nam a2200133Ia 4500
008
240624s9999 xx 000 0 und d
041
_a
eng
082
_a
158.1 DUH
100
_a
DUHIGG CHARLES
245
_a
POWER OF HABIT WHY WE DO WHAT WE DO AND
260
_c
2012
_a
New York
_b
Random House
300
_a
xx, 371 p.; 24 cm.
365
_c
RS
999
_c
29346
_d
29346